[Event "Olympiad-42"]
[Site "Baku"]
[Date "2016.09.11"]
[Round "9.1"]
[White "Caruana, Fabiano"]
[Black "Carlsen, Magnus"]
[Result "1/2-1/2"]
[WhiteElo "2808"]
[BlackElo "2857"]
[Annotator "Mekhitarian,Krikor Sevag"]
[PlyCount "56"]
[EventDate "2016.09.02"]
[EventType "team-swiss"]
[EventRounds "11"]
[EventCountry "AZE"]
[SourceTitle "CBM 175"]
[Source "ChessBase"]
[SourceDate "2016.11.10"]
[SourceVersion "1"]
[SourceVersionDate "2016.11.10"]
[SourceQuality "1"]
[WhiteTeam "US of America"]
[BlackTeam "Norway"]
[WhiteTeamCountry "USA"]
[BlackTeamCountry "NOR"]

1. e4 {Kritz,Leonid} d5 {The world champion tries the Scandinavian for the 3rd time, according to the database, and all of them against the same opponent!} 2. exd5 Qxd5 3. Nc3 Qd6 {This is Sergey Tiviakov's pet line - he has played it 164 times, according to my research!} (3... Qd8 {This happened in the 2014 olympiad} 4. d4 Nf6 5. Nf3 Bg4 6. h3 Bxf3 7. Qxf3 c6 8. Ne2 e6 9. g4 Qd5 10. Bg2 Nbd7 11. Qg3 Qc4 12. Qb3 Qxb3 13. axb3 Bd6 14. c4 $14 {0-1 (50) Caruana,F (2801)-Carlsen,M (2877) Tromso 2014. White has a more comfortable endgame, but the pawn structure is unbalanced, and Black ended up winning.}) (3... Qa5 {The old and main move was tried in a blitz game between them in 2015, ending in a draw:} 4. Nf3 Nf6 5. d4 c6 6. Bc4 Bg4 7. h3 Bxf3 8. Qxf3 e6 9. Bd2 Qc7 10. O-O-O Nbd7 11. Ne4 Nxe4 12. Qxe4 Bd6 13. Kb1 $14 {½-½ (63) Caruana,F (2805)-Carlsen,M (2876) Stavanger 2015; and once again, White has a small advantage.}) 4. d4 Nf6 5. Nf3 c6 6. Ne5 ({RR} 6. g3 Bg4 7. Bg2 e6 8. h3 Bxf3 9. Bxf3 Be7 10. Ne2 Nbd7) ({RR} 6. h3 Bf5 7. Bd3 Bxd3 8. Qxd3 Nbd7 9. Bg5 g6 10. O-O-O Bg7 11. Rhe1 O-O) ({RR} 6. Be2 Bg4 7. h3 ({RR} 7. Ne5 Bxe2 8. Qxe2 Nbd7 9. Bf4 Qxd4) 7... Bxf3 8. Bxf3 e6 9. O-O Nbd7) 6... Nbd7 7. Nc4 (7. f4 Nb6 8. g4 $5 {is one of the most energetic ways to fight this variation, and there is no better person to play this than Shirov} Nbd5 (8... g6 9. Bg2 Bg7 10. O-O O-O $13 {should be safer}) 9. Bg2 g6 10. g5 Nxc3 11. bxc3 Nd5 $6 (11... Nd7 $5 {following with ...h6 and ...xe5 at the right moment}) 12. c4 Nc7 13. c5 Qd8 14. d5 $1 {a very instructive pawn sacrifice for the initiative} cxd5 $2 (14... Bg7 $5 {was the lesser evil} 15. dxc6 Qxd1+ 16. Kxd1 b5 17. cxb6 axb6 $132 {following with ...h6 and ...e6, Black is fighting}) 15. c4 $1 {now the position is bad already} e6 16. Bb2 Bg7 17. Nc6 bxc6 18. Bxg7 Rg8 19. Be5 $18 {1-0 (26) Shirov,A (2749)-Tiviakov,S (2637) Hoogeveen 2010; leaving Black already in a hopeless position.}) ({RR} 7. Bf4 Nd5 ({RR} 7... Nxe5 8. dxe5 Qb4 9. Qd2 Nd5 10. Nxd5 Qxd2+ 11. Kxd2 cxd5 12. c4 dxc4 13. Bxc4) 8. Nxd5 ({RR} 8. Bg3 Nxc3 9. bxc3 Nxe5 10. Bxe5 Qa3) 8... Qxd5 9. Be2 Nxe5 10. Bxe5 Qxg2 11. Bf3 Qg6 12. d5 Bg4 13. dxc6 bxc6 14. Qe2 Bxf3 15. Qxf3 Rd8 16. Rd1 Qe6 17. O-O Rxd1 18. Rxd1 h5) 7... Qc7 8. a4 $5 {A rare line, aiming to harass Black's knight on b6 (a standard idea).} ({RR} 8. Qf3 Nb6 9. Bf4 Qd8 10. Be5 Bg4 11. Qg3) 8... Nd5 $5 (8... Nb6 9. Ne5 g6 ({RR} 9... Nbd7 10. Bf4 Nxe5 11. dxe5 Be6 12. Nb5 Qb8 ({RR} 12... cxb5 13. exf6 Qa5+ ({RR} 13... Qxf4 14. Bxb5+ Bd7 15. Qxd7#) 14. Bd2 Qc7 15. Bxb5+ Bd7 16. O-O gxf6 17. Ba5 b6 18. Qf3 Rd8 19. Bc3 Bg7 20. Rfe1) 13. Nd4) ({RR} 9... e6 10. Bd3 Nbd7 11. Bf4 Nxe5 12. Bxe5 Bd6 13. f4) 10. a5 Nbd7 11. Nd3 $5 $14) (8... g6 $5 {RR} 9. Qf3 Nb6 10. Bf4 Qd8 11. Be5 Bg7 12. a5 Nbd5 13. Nxd5 Qxd5 14. Be2) ({RR} 8... g6 9. g3 Bg7 10. Bg2 Nb6 11. Nxb6 ({RR} 11. Bf4 Qd8 12. Nxb6 Qxb6) 11... Qxb6 ({RR} 11... axb6 12. Bf4 Qd8 13. Be5 O-O 14. O-O) 12. a5 ({RR} 12. O-O a5) 12... Qa6 13. Qe2 ({RR} 13. Bf1 b5 14. Bg2 Bg4 15. Qd3 Rd8 16. O-O O-O 17. Bf4 Bf5 18. Qd2 b4 19. Na4 Nd5) ({RR} 13. Bf4 Bf5 14. Bf1 b5 15. axb6 Qxb6 16. Bg2 O-O 17. Na4 Qa5+ 18. Qd2) 13... Qxe2+ 14. Nxe2 a6 ({RR} 14... O-O 15. a6) ({RR} 14... Bf5 15. a6 O-O-O 16. axb7+ Kxb7 17. c3) 15. O-O Bf5 16. c3 O-O-O ({RR} 16... Be4 17. Bxe4 Nxe4 18. Nf4 e6 19. Re1 Nf6 20. Nd3) 17. Re1 Rhe8 18. Nf4 e6 19. h3 h5 20. Be3 ({RR} 20. f3 Nd5 21. g4 Nxf4 22. Bxf4 Bd3) 20... Nd5 21. Nxd5 exd5 ({RR} 21... cxd5 22. Bg5 Rd7 23. Bf1) 22. Bd2 Rxe1+ 23. Rxe1 {Radjabov,T (2756)-Nisipeanu,L (2675) Bazna 2009 CBM 131 [Kritz,Leonid] ½-½}) ({RR} 8... Nb6 9. Ne5 Bf5 10. g4 Be6 11. f4 g6) ({RR} 8... e6 9. g3 Nd5 10. Bg2 Bb4 11. O-O O-O 12. Ne4 N7f6 13. Nxf6+ Nxf6 14. Bf4 Qd8 15. c3 Be7 16. Qc2 Nd5 17. Bd2 b6 18. Ne5 Bd7 19. c4 Nb4 20. Bxb4 Bxb4 21. Bxc6 Bxc6 22. Nxc6 Qd6 23. Nxb4 {Razanadrakotoarisoa,T (2159)-Mazzilli,P (2303) chess.com INT 2025 1-0 (62)}) ({RR} 8... Nb6 9. Ne5 e6 10. Bd3 Nbd7 11. Bf4 Nxe5 12. Bxe5 Bd6 13. f4 Bd7 14. O-O O-O-O 15. a5 c5 16. a6 b6 17. Nb5 Bxb5 18. Bxb5 cxd4 19. Ra4 Kb8 20. Rc4 Qe7 21. Qxd4 Nd5 22. Rc6 Bxe5 23. fxe5 {Caruana,F (2649)-Granda Zuniga,J (2610) Zafra 2009 1-0 (41)}) 9. Bd3 $146 ({RR} 9. Qf3 N7f6 10. Ne5 Be6 11. Bc4 Rd8 12. O-O g6 13. Bg5 Bg7 14. a5 O-O 15. Rfe1 Qc8 16. a6 b6 17. h3 Rd6 18. Ne2 c5 19. c3 Nd7 20. Nxd7 Rxd7 21. Bb5 Rdd8 22. c4 f6 23. Bf4 Nb4 {Putilov,V (2176)-Novoselov,R (2149) Nizhnij Tagil 2011 0-1 (40)}) ({RR} 9. g3 g6 10. Nxd5 cxd5 11. Bf4 Qd8 12. Na3 Bg7 13. Bg2 a6 14. O-O Nf6 15. c4 Be6 16. c5 Qd7 17. Re1 O-O 18. Be5 Ne8 19. Bxg7 Kxg7 20. Nb1 a5 21. Nc3 Nc7 22. Qe2 Rfd8 23. h4 h5 {Srebrnic,M (2379)-Krumpak,H (1999) Ljubljana 2021 ½-½ (55)}) 9... g6 10. Qf3 N7f6 11. Nxd5 Nxd5 (11... cxd5 $2 12. Bf4 Qd8 13. Ne5 {threatening b5+} a6 14. O-O Bg7 15. c3 O-O 16. Rfe1 $16 {and Black has some development issues.}) 12. O-O Bg7 13. c3 O-O 14. Qg3 {According to Caruana himself, he missed Black's next move, that solves all of his problems (15...d8!).} (14. Re1 $5 {White has a good space advantage, and can always count on exploiting it with an idea like g5 or h4-h5. Now if Black tries a standard development with ...e6, White may sacrifice the exchange to achieve interesting play:} Be6 {intending c5} (14... Rd8 $6 15. h4 $1 c5 (15... h5 $2 16. Ne5 {with problems to defend f7 properly} Be6 (16... e6 17. Bg5 Rf8 18. Qe4 $16 {followed by ad1 and c4}) 17. Qg3 $1 $16 {threatening xg6 or xg6}) 16. dxc5 Qxc5 17. h5 $40 {it is not easy for Black to find a move here, e5 is a strong threat}) 15. Rxe6 $5 {not forced, but playable} fxe6 16. Qe2 Nf4 (16... Qd7 17. h4 $5 $40) 17. Bxf4 Qxf4 18. Qxe6+ Kh8 19. Qe2 $44 {with interesting positional compensation.}) 14... Qxg3 15. hxg3 Rd8 $5 {Threatening ...c5, Black finds a way to activate.} 16. Be2 (16. Re1 c5 17. dxc5 Nxc3 $1 $132 {looking bad for White already.}) 16... Be6 17. a5 c5 $5 (17... Rac8 {would be a calm way to play the position} 18. a6 b6 $11) (17... b5 $5 18. axb6 axb6 19. Rxa8 Rxa8 {should be equal, but Black is starting to look very comfortable and could even create something on the queenside with ...b5, ...a2.}) 18. dxc5 Bxc3 {Suddenly there's action!} 19. a6 (19. bxc3 Nxc3 {and Black gets the piece back, equalising:} 20. Bf3 Bxc4 21. Re1 Nd5 22. Bxd5 Bxd5 23. Rxe7 Re8 24. Rxe8+ Rxe8 25. Be3 $11) 19... bxa6 20. Na5 (20. bxc3 {is no good once again} Nxc3 21. Bf3 Bxc4 22. Bxa8 Bxf1 23. Bb7 Bb5 {despite the dangerous c-pawn, Black is doing ok:} 24. Kh2 Rd1 25. Bb2 Rxa1 26. Bxa1 Na4 27. c6 Nb6 $15 {followed by ...a5, Black is already thinking about getting an advantage.}) 20... Bxa5 21. Rxa5 Nb4 22. Bf4 (22. Be3 Nd5 23. Bg5 Rab8 $11 {wouldn't change the story of the game.}) 22... Nc6 23. Ra3 (23. Rxa6 Nd4 24. Bd3 Nb3 25. Be2 Nxc5 $11) 23... a5 24. Bb5 Nd4 25. Ba6 Bc8 26. Bc4 Be6 27. Ba6 Bc8 28. Bc4 Be6 (28... Be6 29. Bxe6 {would lead to simple equality after:} Nxe6 30. Rxa5 Nxf4 31. gxf4 Rdb8 32. Rfa1 Rxb2 33. Rxa7 Rxa7 34. Rxa7 Kf8 $11) 1/2-1/2

[Event "Olympiad-42"]
[Site "Baku"]
[Date "2016.09.13"]
[Round "11.1"]
[White "Harikrishna, Pentala"]
[Black "Carlsen, Magnus"]
[Result "1/2-1/2"]
[WhiteElo "2752"]
[BlackElo "2857"]
[PlyCount "94"]
[EventDate "2016.09.02"]
[EventType "team-swiss"]
[EventRounds "11"]
[EventCountry "AZE"]
[SourceTitle "CBM 175"]
[Source "ChessBase"]
[SourceDate "2016.11.10"]
[SourceVersion "1"]
[SourceVersionDate "2016.11.10"]
[SourceQuality "1"]
[WhiteTeam "India"]
[BlackTeam "Norway"]
[WhiteTeamCountry "IND"]
[BlackTeamCountry "NOR"]

1. e4 {Fernandez,Daniel Howard} e5 2. Nf3 Nc6 3. Bc4 Bc5 4. O-O d6 5. c3 Nf6 6. d3 h6 ({RR} 6... a6 7. a4 h6 8. Nbd2 O-O 9. Re1 Re8 10. h3 Be6 11. Bxe6 Rxe6 12. b4 Ba7 13. Qc2 Qd7 14. Nf1 d5 15. Bd2 Rae8 ({RR} 15... Rd8 16. b5 Ne7) 16. Ng3 ({RR} 16. b5 Ne7 17. c4) 16... dxe4 17. dxe4 Ne7 18. Red1 Qc8 19. c4 Ng6 20. c5 c6 21. Nf5) 7. Re1 O-O 8. h3 a6 9. Bb3 b5 ({RR} 9... Re8 10. Nbd2 Be6 11. Nf1 ({RR} 11. Bxe6 Rxe6 ({RR} 11... fxe6 12. b4 Ba7 13. a4 Qd7 14. Nc4) 12. b4 Ba7 13. a4 d5 14. Qc2 d4 15. Bb2 ({RR} 15. Nc4 dxc3 16. Qxc3 Bd4 17. Nxd4 Qxd4 18. Bb2) 15... dxc3 16. Bxc3 Nd4 17. Bxd4 Bxd4 18. Nxd4 Qxd4 19. Nf3) 11... Bxb3 12. axb3 ({RR} 12. Qxb3 d5 13. Be3 Bf8 14. Rad1 Na5 15. Qc2 c5) 12... d5 13. Qe2 Qd7 14. b4 ({RR} 14. Ng3 Rad8 15. Nf5 dxe4 16. dxe4 Qd3) ({RR} 14. Nh4 Bf8 15. Nf5 Ne7 16. N1g3 c5 17. Qf3 Nxf5 18. Nxf5 Re6) 14... Bf8 15. Ng3 Rad8 16. Kf1 ({RR} 16. Nh2) 16... g6 17. Qc2 Re6 18. Qa4 dxe4 19. dxe4 Qd3+ 20. Kg1 Red6 21. Be3 Qc4 22. Rac1 Kh7 23. b3 Qe6 24. c4 {McShane,L (2669)-Adams,M (2706) Hull 2018 CBM 186 [Fernandez,Daniel Howard] 1-0 (70)} ({RR} 24. b5)) ({RR} 9... Be6 10. Bxe6 fxe6 11. d4 Bb6 12. Be3 exd4 13. cxd4 d5 14. e5 Ne4 15. Nc3 Ba5 16. Rc1 Bxc3 17. bxc3 Na5 18. Nh2 Qh4 19. Qg4 Qxg4 20. hxg4 Nc4 21. f3 Nxe3 22. fxe4 {½-½ (22) Zwirs,N (2480)-Ceres,D (2486) Vasto ITA 2024}) 10. Nbd2 Bb6 11. Nf1 Ne7 12. a4 $146 ({RR} 12. Be3 Bxe3 13. Nxe3 Ng6 14. d4 c5 15. dxc5 dxc5 16. Qxd8 Rxd8 17. Nd5 c4 18. Bc2 Bb7 19. Rad1 {½-½ (19) Maslowski,J (2034)-Grabowski,P (2228) Wisla 2002}) 12... Rb8 13. d4 Ng6 14. Be3 exd4 15. Bxd4 c5 16. Bxf6 Qxf6 17. axb5 axb5 18. Ne3 Qd8 19. Nd5 Bb7 20. Nxb6 Qxb6 21. Bd5 Rfe8 22. Bxb7 Rxb7 23. Qd2 Rbe7 24. Rad1 Re6 25. Re3 Qc6 26. Qd5 Qxd5 27. Rxd5 f6 28. Rd1 Ra8 29. b4 Rae8 30. Rde1 Kf7 31. g3 Ne7 32. Rb1 f5 33. e5 cxb4 34. exd6 Rxe3 35. fxe3 Nc6 36. d7 Rxe3 37. Nd4 Nd8 38. Kf2 Rxc3 39. Rxb4 Rc5 40. Rxb5 Rxb5 41. Nxb5 Ke7 42. Nd4 g6 43. h4 h5 44. Kf3 Kxd7 45. Kf4 Ne6+ 46. Nxe6 Kxe6 47. Kf3 Ke5 1/2-1/2

[Event "World-ch Carlsen-Karjakin +1-1=10"]
[Site "New York"]
[Date "2016.11.12"]
[Round "2"]
[White "Karjakin, Sergey"]
[Black "Carlsen, Magnus"]
[Result "1/2-1/2"]
[WhiteElo "2769"]
[BlackElo "2857"]
[Annotator "Ponomariov,Ruslan"]
[PlyCount "65"]
[EventDate "2016.11.11"]
[EventType "match"]
[EventRounds "12"]
[EventCountry "USA"]
[SourceTitle "CBM 176"]
[Source "ChessBase"]
[SourceDate "2017.01.17"]
[SourceVersion "1"]
[SourceVersionDate "2017.01.17"]
[SourceQuality "1"]

1. e4 {The last time Sergey played with White against Magnus was at the tournament in Bilbao this year. I was in Bilbao and commented on the game live. Sergey played 1.d4 and Magnus chose a Ragozin, which led to a very short draw. I also expected 1.d4 by Sergey in this game - after all, he has Shakriyar Mamedyarov and Vladimir Potkin as seconds and both are 1.d4 players. So, I thought they might have found one or two or even more improvements on the line Sergey and Magnus tried in Bilbao. But no, Sergey decided to play 1.e4 - in his childhood this was his main weapon. We might see Sergey switching to closed openings in the next games - which would indicate how much they worked before the match to be ready for 1. e4 and 1.d4.} e5 2. Nf3 Nc6 3. Bb5 a6 $5 {No Berlin this time. The mind games have started....} 4. Ba4 Nf6 5. O-O Be7 6. d3 {The main idea of this line is to avoid lots of theory in the Classical Ruy Lopez. After 6.d3 you don't need to study the Marshall, the Breyer, Zaitzev, Chigorin etc. However, most people thought that Carlsen and not Karjakin would try to avoid the main lines.} ({Normally Sergey plays} 6. Re1 {in this position. After e.g.} b5 7. Bb3 O-O 8. h3 Bb7 (8... d6 9. c3 Be6 10. d4 Bxb3 11. Qxb3 {also leads to an exchange of bishops but in contrast to the game White has a pawn and not a knight on c3.}) 9. d3 d6 10. a3 Na5 11. Ba2 c5 12. Nbd2 Bc8 {we reach a position that is similar to the position we had in the game though there are differences: if you compare this line with the game continuation you will see that Black here spent more time to exchange the white-squared bishops.}) 6... b5 7. Bb3 d6 {Black has a number of options. If you want to study this variation more deeply I would recommend you to use the Reference button of your ChessBase program to see how the strongest players have handled this position.} 8. a3 O-O 9. Nc3 Na5 10. Ba2 Be6 11. d4 Bxa2 12. Rxa2 Re8 {If one compares this position with the lines I mentioned in the comment to the 6th move, Black here is several tempi up and his position has no weaknesses. With pawns on d4 and e4 White has a strong pawn centre which gives him some space advantage but with each piece exchanged this factor is less and less significant.} ({Earlier this year Magnus played} 12... Nc6 13. d5 Nb8 {However, 12...e8 is also the move many engines want to play. So, I don't know whether Carlsen's small refinement was really a surprise for Karjakin.}) 13. Ra1 Nc4 14. Re1 $146 ({RR} 14. b3 Nb6 15. dxe5 dxe5 16. Qe2 Nbd7 17. Rd1 Qc8 18. Bg5 c6 19. Nh4 h6 20. Be3 Nc5 21. f3 g6 22. Qf2 Ne6 23. Bxh6 g5 24. Bxg5 Nxg5 25. Nf5 Nfh7 26. Qg3 Kh8 27. h4 Ne6 28. Nxe7 Rxe7 {Burke,J (2495)-Berczes,D (2479) Saint Louis 2017 ½-½}) 14... Rc8 {The idea behind this move which puts the rook behind the pawn on c7 remains a little bit of a mystery to me. Probably Carlsen wanted to be ready meet d5 by White with ...c6.} ({Probably Black didn't want to play} 14... Bf8 {immediately, because after} 15. b3 Nb6 {White can pin the knight on f6 with} 16. Bg5) ({But there is nothing wrong with playing} 14... h6 {first, e.g.} 15. b3 Nb6 16. Bb2 Bf8 17. d5 Qc8 18. a4 c6 19. dxc6 Qxc6 {with counterplay.}) 15. h3 h6 16. b3 Nb6 17. Bb2 Bf8 18. dxe5 {To me, this looks like a silent draw offer. Modern chess is becoming more and more pragmatic.} ({I think if White wanted to retain chances for a fight he had to keep the tension in the centre.} 18. Qd3 c6 19. Rad1 Qc7 20. Ne2 d5 21. Ng3 exd4 (21... dxe4 22. Nxe4 Nxe4 23. Qxe4 exd4 24. Qxe8 Rxe8 25. Rxe8 $13) 22. e5 Ne4 23. Nxe4 dxe4 24. Qxe4 c5 {I think this position is still equal but the pawn structure is asymmetrical and both players have chances for active play - White on the kingside, Black on the queenside.}) 18... dxe5 19. a4 c6 20. Qxd8 Rcxd8 {As in game one we do see an early exchange of queens.} 21. axb5 axb5 22. Ne2 Bb4 23. Bc3 Bxc3 24. Nxc3 Nbd7 25. Ra6 Rc8 26. b4 Re6 ({With} 26... c5 {Carlsen could have posed more practical problems, e.g.} 27. Nxb5 cxb4 28. Nd6 {and now the tactical trick} (28. Ra4 Rxc2 29. Rxb4 Rb8) 28... Re6 29. Nxc8 Rxa6 {gives White something to think about. But after White's 18th move Carlsen was probably also happy with a draw.}) 27. Rb1 c5 28. Rxe6 fxe6 29. Nxb5 cxb4 30. Rxb4 Rxc2 31. Nd6 Rc1+ 32. Kh2 Rc2 33. Kg1 {Well, as it turned out game two was even less exciting than game one. But Carlsen's choice of opening was smart.} 1/2-1/2